Establecimiento de criterios técnicos para el desarrollo de una propuesta de norma nacional para el manejo seguro de desechos de la(s) batería(s) que produzca(n) mayor impacto en el ambiente costarricense

Αποθηκεύτηκε σε:
Λεπτομέρειες βιβλιογραφικής εγγραφής
Κύριος συγγραφέας: Sandí Campos, Adrián Alberto
Μορφή: Βιβλίο
Έκδοση: San José, Costa Rica 2008
Θέματα:
Ετικέτες: Προσθήκη ετικέτας
Δεν υπάρχουν, Καταχωρήστε ετικέτα πρώτοι!

MARC

LEADER 00000nam a2200000Ia 4500
003 010317
005 20221231144102.0
008 140114s2008 cr a 000 ||s d
040 |c cru CEDI 
090 |a TFG 5580 
100 |a Sandí Campos, Adrián Alberto   |9 4517 
245 |a Establecimiento de criterios técnicos para el desarrollo de una propuesta de norma nacional para el manejo seguro de desechos de la(s) batería(s) que produzca(n) mayor impacto en el ambiente costarricense 
260 |c 2008  |b San José, Costa Rica 
300 |a vi, 110 hojas; ilustraciones (algunas a color) 
500 |a Proyecto de graduación (licenciatura en ingeniería química)--Universidad de Costa Rica. Facultad de Ingeniería. Escuela de Ingeniería Química 
650 |x MANEJO DE MATERIALES  |x RESIDUOS PELIGROSOS  |x  MANIPULACION  |x BATERIAS ELECTRICAS   |x  NORMAS  |x  COSTA RICA  |x  IMPACTO AMBIENTAL   |x PROTECCION DEL MEDIO AMBIENTE   |9 4518 
942 |c TFG 
999 |c 16681  |d 16681